| 000 | 01190nam a2200265 i 4500 | ||
|---|---|---|---|
| 001 | 171310 | ||
| 003 | ES-MaACL | ||
| 005 | 20251120142200.0 | ||
| 008 | 090508s1967 sp |||| | spa d | ||
| 017 | _aM 9630-1967 | ||
| 245 | 0 | 3 |
_aEl Concilio de Juan y Pablo _b: documentos pontificios sobre la preparación, desarrollo e interpretación del Vaticano II / _cintroducción, dirección e índices por José Luis Martín Descalzo ; traducción de los textos de Juan XXIII por Daniel Ruiz Bueno ; traducción de los textos de Pablo VI por Joaquín Luis Ortega. |
| 260 |
_aMadrid : _b[La Editorial Católica], _c1967. |
||
| 300 |
_aXII, 1011 p. ; _c20 cm. |
||
| 490 | 1 |
_aBiblioteca de autores cristianos ; _v266 |
|
| 500 | _aÍndices. | ||
| 700 | 0 |
_aJuan _bXIII _c, Papa, Santo. _967136 |
|
| 700 | 1 |
_aPablo _bVI, _cPapa, Santo. _9168351 |
|
| 700 | 1 |
_aMartín Descalzo, José Luis, _d1930-1991 _977470 |
|
| 700 | 0 |
_aRuiz Bueno, Daniel. _9100677 |
|
| 700 | 1 |
_aOrtega, Joaquín L., _d1933- _9140070 |
|
| 711 | 2 |
_aConcilio Vaticano ( _n2º. _d1962-1965) _9122 |
|
| 830 | 0 | 0 |
_aBiblioteca de autores cristianos _v266 _9178679 |
| 852 |
_aES-MaACL _jJ-261 _9R.46092 |
||
| 999 |
_c171310 _d171310 |
||